000 00351nam a2200133Ia 4500
008 240624s9999 xx 000 0 und d
041 _aeng
082 _a300.72 SOM
100 _aSOMEKH BRIDGET
245 _aRESEARCH METHODS IN THE SOCIAL SCIENCES
260 _c2005
_aNew Delhi
_bVistaar Publications
300 _axiv, : 368 : cm. ; 25
365 _cRS
999 _c2239
_d2239